| 000 | 00615nam a2200241Ia 4500 | ||
|---|---|---|---|
| 008 | 200601s9999 xx 000 0 und d | ||
| 020 | _a81-7992-140-9 | ||
| 050 | _aREF HD 30.28 | ||
| 050 | _b.S54 2004 v.1 | ||
| 100 | _aSherman, Andrew J. | ||
| 245 | 4 | _aThe Art of strategic management : | |
| 245 | 0 | _binnovative strategies / | |
| 245 | 0 | _cAndrew J. Sherman. | |
| 260 | _aMumbai : | ||
| 260 | _bJaico Publishing House. | ||
| 260 | _c2004 | ||
| 300 | _a254 pages : | ||
| 300 | _billustrations ; | ||
| 300 | _c25 cm. | ||
| 440 | _v1 | ||
| 500 | _aIncludes index. | ||
| 650 | _aStrategic planning. | ||
| 999 |
_c363336 _d363336 |
||